1606 1605 1103 1687 1183 1794 1757 1326 1312 1497 1854 1810 1101 1801 1030 1108 1760 1605 1417 1951 1153 1955 1433 1564 1422 1698 1274 1070 1674 1444 1949 1341 1266 1571 1238 1284 1266 1300 1519 1445 1927 1217 1651 1576 1159 1029 1572 1816 1317 1522 1909 1946 1043 1875 1110 1504 1464 1236 1009 1440 1832 1277 1839 1241 1479 1711 1568 1564 1902 1175 1759 1047 1401 1338 1095 1580 1246 1330 1950 1241 1334 1817 1608 1515 1819 1521 1369 1801 1853 1181 1918 1876 1618 1249 1778 1996 1444 1014 1193 BCNSPRNW ULIB Ver.6.0+V

เปลี่ยนเป็นภาษาไทย

Change to English
 แสดงรายละเอียดบรรณานุกรม
  กลับหน้าหลัก

Brief Record : Get Marc (ISO 2709) : E-mail record : QR code < ปิดหน้าต่าง
LEADER : 00000nam 2200000uu 4500
001    13399121741
003     ULIB
008    121204s2549||||th 000 0 tha d
020    ^a9748137511
020    9789748137511
060 04 ^aWC534^bช424C
245 00 ^aCommunication skills...สื่อสารอย่างมีประสิทธิภาพเรื่อง ไข้เลือดออก /^cบรรณาธิการ, ชิษณุ พันธุ์เจริญ, อุษา ทิสยากร
246 30 ^aสื่อสารอย่างมีประสิทธิภาพเรื่อง ไข้เลือดออก
246 30 ^aไข้เลือดออก
250    ^aพิมพ์ครั้งที่ 1
260    ^aกรุงเทพฯ :^bสมาคมกุมารแพทย์แห่งประเทศไทย,^c2549
300    ^a51 หน้า ;^c21 ซม.
650  7 ^aการสื่อสารทางการแพทย์
650  7 ^aไข้เลือดออก
700 0  ^aชิษณุ พันธุ์เจริญ,^eบรรณาธิการ
700 0  ^aอุษา ทิสยากร,^eบรรณาธิการ
710 2  ^aสมาคมกุมารแพทย์แห่งประเทศไทย
945    ^p90^l0^i24843
995    ^aทศพร
999    ^aทศพร
รายการนี้ยังไม่มีแท็ก
คุณยังไม่ได้ล็อกอิน คุณสามารถมีกิจกรรมร่วมกับเว็บไซต์ได้ แต่ต้องล็อกอินก่อน ::
  ล็อกอิน

รายการสื่อสารสนเทศ

ลำดับที่ ประเภท เลขเรียก/บาร์โค้ด สถานที่ สถานะ
1. วิทยาศาสตร์การแพทย์ และสุขภาพ
วิทยาศาสตร์การแพทย์ และสุขภาพ
WC534 ช424C ฉ.1 
  Barcode: 24843
ห้องสมุดวิทยาเขตสวรรค์ประชารักษ์
►หนังสือทั่วไป
บนชั้น

รายการใกล้เคียง
    หัวเรื่อง [การสื่อสารทางการแพทย์]
    หัวเรื่อง [ไข้เลือดออก]

BibComment


ยังไม่เคยถูกคอมเมนท์

คอมเมนท์ทรัพยากรรายการนี้
  คอมเมนท์: Communication sk..


 Copyright 2026. Bcnsprnw @Library